America's weapons of psychological warfare
Salvato in:
| Autore principale: | |
|---|---|
| Natura: | Libro |
| Lingua: | Undetermined |
| Pubblicazione: |
New York
Wilson
1951
|
| Soggetti: | |
| Tags: |
Aggiungi Tag
Nessun Tag, puoi essere il primo ad aggiungerne! !
|
| Thư viện lưu trữ: | Trung tâm Học liệu Trường Đại học Cần Thơ |
|---|
| LEADER | 00508nam a2200181Ia 4500 | ||
|---|---|---|---|
| 001 | CTU_77875 | ||
| 008 | 210402s9999 xx 000 0 und d | ||
| 082 | |a 301.1523 | ||
| 082 | |b S955 | ||
| 100 | |a Summers, Robert E. | ||
| 245 | 0 | |a America's weapons of psychological warfare | |
| 245 | 0 | |c Robert E. Summers | |
| 260 | |a New York | ||
| 260 | |b Wilson | ||
| 260 | |c 1951 | ||
| 650 | |a Propaganda, American,Psychological warfare | ||
| 904 | |i Năm | ||
| 980 | |a Trung tâm Học liệu Trường Đại học Cần Thơ | ||